| 000 | 00808nam a22002417a 4500 | ||
|---|---|---|---|
| 999 |
_c14937 _d14937 |
||
| 003 | AR-CdUCM | ||
| 008 | 190425b ||||| |||| 00| 0 spa d | ||
| 020 | _a978-607-618-244-4 | ||
| 040 |
_aMUNICIPALIDAD PROVINCIAL DEL CUSCO _cBIBLIOTECA MUNICIPAL DEL CUSCO |
||
| 082 |
_aEP / 803 / _bS55 |
||
| 110 |
_aAuzou _933894 |
||
| 245 |
_aLas mil una noches : _bLa historia de Anima, las babuchas de Abú Cassem, la historia de los tres príncipes / |
||
| 260 |
_aMéxico : _bAuzou, _c2015. |
||
| 300 |
_c22 cm. _bIlustraciones, |
||
| 440 |
_aSilver dolphin _951612 |
||
| 500 | _aEl texto no cuenta con numeración de página. | ||
| 650 |
_aHistoria _951613 |
||
| 650 |
_aCuentos _951614 |
||
| 650 |
_aInfancia _95236 |
||
| 700 |
_aAparicio, Irene _933907 |
||
| 942 |
_2ddc _cLIBROS |
||
| 945 |
_arah _d25/04/2019 |
||